| 000 | 14317nam a22008897a 4500 | ||
|---|---|---|---|
| 005 | 20090907104457.0 | ||
| 008 | 090907t xxu||||| |||| 00| 0 hin d | ||
| 010 | _aB-357249-252 | ||
| 020 |
_c100.00 _a9788905726103 भा-1 |
||
| 020 |
_c100.00 _a9788905726103 भा-2 |
||
| 020 |
_c100.00 _a9788905726103 भा-3 |
||
| 020 |
_c100.00 _a9788905726103 भा-4 |
||
| 035 | _aB-357249-252 | ||
| 035 | _aB-373973-016 | ||
| 037 | _bDBAD / PUB | ||
| 037 | _bईस्टएण्ड पब्लिकेशन्स /PUB | ||
| 040 |
_adpl _bhn |
||
| 082 | _aउ | ||
| 100 |
_aदत्त, एस.सी. _916117 |
||
| 245 |
_aअन्तरिक्ष की दुनिया में / _cएस.सी.दत्त |
||
| 246 |
_aAntriksha Ki Duniya Main _bby S.C. Dutt |
||
| 260 |
_aदिल्ली _bईस्टएण्ड पब्लिकेशन्स _c2009 |
||
| 270 |
_a29/502, ईस्ट एण्ड अपार्टमैंट्स, मयूर विहार एक्सटेंशन फेस-1 _bदिल्ली _e110006 |
||
| 300 |
_a4भा, (भा-1,104पृ.; भा-2,82पृ.,; भा-3,92पृ.,; भा-4,62पृ.) _c18सेमी (सजिल्द) |
||
| 490 |
_aवैज्ञानिक उपन्यास माला _916118 |
||
| 500 | _aचार भागों में प्रकाशित | ||
| 942 |
_2ddc _cCH _mदत्तए _hउ |
||
| 999 |
_c30096 _d30096 |
||